Every Rock and Roll Hall of Fame Inductee (As of 2026) - Statistics

General Stats
  • This quiz has been taken 38 times
    4 since last reset
  • The average score is 134 of 276
Answer Stats
Hint Answer % Correct
2010 ABBA
100%
1999 Billy Joel
100%
1988 Bob Dylan
100%
2018 Bon Jovi
100%
1994 Elton John
100%
2004 George Harrison
100%
2019 Janet Jackson
100%
1994 John Lennon
100%
1995 Led Zeppelin
100%
2009 Metallica
100%
2001 Michael Jackson
100%
2026 Oasis
100%
1999 Paul Mccartney
100%
1996 Pink Floyd
100%
2012 Red Hot Chili Peppers
100%
2007 R.E.M
100%
1988 The Beatles
100%
2019 The Cure
100%
1990 The Who
100%
2005 U2
100%
2007 Van Halen
100%
2003 AC/DC
75%
2001 Aerosmith
75%
2013 Albert King
75%
1995 Al Green
75%
2024 A Tribe Called Quest
75%
1987 B.B King
75%
1994 Bob Marley
75%
2004 Bob Seger
75%
2022 Carly Simon
75%
2021 Carol King
75%
2024 Cher
75%
2025 Chubby Checker
75%
2025 Cyndi Lauper
75%
2020 Depeche Mode
75%
1986 Elvis Presley
75%
2022 Eminem
75%
2021 Foo Fighters
75%
2010 Genesis
75%
1994 Grateful Dead
75%
2015 Green Day
75%
2012 Guns N' Roses
75%
2013 Heart
75%
1986 James Brown
75%
2000 James Taylor
75%
2021 Jay-Z
75%
1996 Jefferson Airplane
75%
1991 Jimmy Reed
75%
2014 KISS
75%
2024 Kool and the Gang
75%
1986 Little Richard
75%
2015 Lou Reed
75%
2006 Lynyrd Skynyrd
75%
2008 Madonna
75%
1987 Marvin Gaye
75%
2024 Mary J Blige
75%
2011 Neil Diamond
75%
1995 Niel Young
75%
2020 Nine Inch Nails
75%
2014 Nirvana
75%
2016 N.W.A
75%
2007 Patti Smith
75%
2001 Paul Simon
75%
2017 Pearl Jam
75%
2014 Peter Gabriel
75%
2026 Phil Collins
75%
2019 Radiohead
75%
2023 Rage Against The Machine
75%
1987 Ricky Nelson
75%
2013 Rush
75%
1993 Ruth Brown
75%
1990 Simon and Garfunkel
75%
2025 Soundgarden
75%
1995 The Allman Brothers Band
75%
1991 The Byrds
75%
2018 The Cars
75%
2012 The Crickets
75%
2012 The Faces
75%
2021 The Go-Gos
75%
1997 The Jackson 5
75%
1998 The Mamas and the Papas
75%
2018 The Moody Blues
75%
2003 The Police
75%
1989 The Rolling Stones
75%
1996 The Velvet Underground
75%
1992 The Yardbirds
75%
2002 Tom Petty and the Heartbreakers
75%
2004 Traffic
75%
2017 Tupac Shakur
75%
2017 Yes
75%
1987 Aretha Franklin
50%
2025 Bad Company
50%
2012 Beastie Boys
50%
1987 Big Joe Turner
50%
2015 Bill Withers
50%
2026 Billy Idol
50%
2006 Black Sabbath
50%
2000 Bonnie Raitt
50%
1999 Bruce Springsteen
50%
2005 Buddy Guy
50%
1986 Buddy Holly
50%
1997 Buffalo Springfield
50%
1987 Carl Perkins
50%
2014 Cat Stevens
50%
1986 Chuck Berry
50%
1993 Creedence Clearwater Revival
50%
1997 Crosby Stills & Nash
50%
1999 Curtis Mayfield
50%
2011 Darlene Love
50%
2024 Dave Matthews Band
50%
1996 David Bowie
50%
2016 Deep Purple
50%
2019 Def Leppard
50%
1989 Dion
50%
2018 Dire Straits
50%
2022 Dolly Parton
50%
2013 Donna Summer
50%
2012 Donovan
50%
2011 Dr. John
50%
2022 Duran Duran
50%
1999 Dusty Springfield
50%
2003 Elvis Costello
50%
2000 Eric Clapton
50%
1998 Fleetwood Mac
50%
2024 Foreigner
50%
1995 Frank Zappa
50%
2023 George Michael
50%
1991 Ike and Tina Turner
50%
2026 Iron Maiden
50%
2002 Issac Hayes
50%
1987 Jackie Wilson
50%
2004 Jackson Browne
50%
1995 Janis Joplin
50%
2009 Jeff Beck
50%
1986 Jerry Lee Lewis
50%
2025 Joe Cocker
50%
1992 Johnny Cash
50%
1997 Joni Mitchell
50%
2017 Journey
50%
2022 Lionel Richie
50%
1998 Llyod Prince
50%
2026 Luther Vandross
50%
2006 Miles Davis
50%
2023 Missy Elliot
50%
1987 Muddy Waters
50%
2025 Outkast
50%
2024 Ozzy Osbourne
50%
2024 Peter Frampton
50%
2004 Prince
50%
2001 Queen
50%
2013 Randy Newman
50%
1986 Ray Charles
50%
2001 Ritchie Valens
50%
1994 Rod Stewart
50%
2019 Roxy Music
50%
2009 Run DMC
50%
2026 Sade
50%
1986 Sam Cooke
50%
1998 Santana
50%
1987 Smokey Robinson
50%
2001 Steely Dan
50%
2016 Steve Miller
50%
2015 Stevie Ray Vaughan
50%
1989 Stevie Wonder
50%
2002 Talking Heads
50%
1994 The Animals
50%
1994 The Band
50%
1988 The Beach Boys
50%
2003 The Clash
50%
1993 The Doors
50%
1998 The Eagles
50%
2022 The Eurythmics
50%
1990 The Four Seasons
50%
1990 The Four Tops
50%
1990 The Kinks
50%
2012 The Miracles
50%
2015 The Paul Butterfield Blues Band
50%
1990 The Platters
50%
2005 The Pretenders
50%
1996 The Shirelles
50%
2025 The White Stripes
50%
2021 Tina Turner
50%
2011 Tom Waits
50%
2020 Whitney Houston
50%
2026 Wu-Tang Clan
50%
2004 ZZ Top
50%
2011 Alice Cooper
25%
2020 Biggie Smalls
25%
2006 Blondie
25%
1990 Bobby Darin
25%
2002 Brenda Lee
25%
2016 Cheap Trick
25%
2016 Chicago
25%
1993 Cream
25%
1994 Duane Eddy
25%
2000 Earth Wind and Fire
25%
2017 ELO
25%
1993 Ette James
25%
1986 Fats Domino
25%
2007 Grand Master Flash and the Furious Five
25%
2014 Hall and Oates
25%
1990 Hank Ballard
25%
1992 Jimi Hendrix Experience
25%
2017 Joan Baez
25%
2015 Joan Jett and the Blackhearts
25%
1991 John Lee Hooker
25%
2026 Joy Division/ New Order
25%
2012 Laura Nyro
25%
1991 Lavern Baker
25%
2008 Leonard Cohen
25%
2018 Nina Simone
25%
1989 Otis Redding
25%
2022 Pat Benatar
25%
2005 Percy Sledge
25%
2013 Public Enemy
25%
1987 Roy Orbison
25%
2023 Sheryl Crow
25%
2019 Stevie Nicks
25%
1997 The Beegees
25%
1987 The Coasters
25%
2012 The Comets
25%
2008 The Dave Clark Five
25%
2004 The Dells
25%
2020 The Doobie Brothers
25%
2010 The Hollies
25%
1991 The Impressions
25%
2000 The Lovin' Spoonful
25%
2012 The Midnighters
25%
2000 The Moonglows
25%
2005 The O'Jays
25%
2003 The Righteous Brothers
25%
2007 The Ronettes
25%
2006 The Sex Pistols
25%
1999 The Staple Singers
25%
2010 The Stooges
25%
1988 The Supremes
25%
1989 The Temptaions
25%
2019 The Zombies
25%
2021 Todd Rundgren
25%
1993 Van Morrison
25%
1987 Bill Haley
0%
1992 Bobby Bland
0%
2009 Bobby Womack
0%
1987 Bo Diddley
0%
1992 Booker T and the MG's
0%
1987 Clyde McPhatter
0%
1999 Del Shannon
0%
1987 Eddie Cochran
0%
1993 Frankie Lymon
0%
2002 Gene Pitney
0%
1998 Gene Vincent
0%
1996 Gladys Knight and the Pips
0%
2010 Jimmy Cliff
0%
2008 John Mellencamp
0%
2023 Kate Bush
0%
2014 Linda Ronstadt
0%
2009 Little Anthony and the Imperials
0%
1996 Little Willie John
0%
1995 Martha and the Vandellas
0%
1997 Parliament-Funkadelic
0%
1992 Sam and Dave
0%
1993 Sly and the Family Stone
0%
2001 Solomon Burke
0%
2012 The Blue Caps
0%
1988 The Drifters
0%
1986 The Everley Brothers
0%
2012 The Famous Flames
0%
2001 The Flamingos
0%
1992 The Isley Brothers
0%
2002 The Ramones
0%
1997 The Rascals
0%
2023 The Spinners
0%
2008 The Ventures
0%
2020 T. Rex
0%
2023 Willie Neslon
0%
1991 Wilson Pickett
0%
No matching quizzes found
Score Distribution
Percent of People with Each Score
Percentile by Number Answered
Your Score History
You have not taken this quiz since the last reset